Statistics for NSW biggest cities

Click here to take the quiz!

General Stats

  • This quiz has been taken 90 times
  • The average score is 4 of 9

Answer Stats

HintAnswer% Correct
1sydney
100%
2newcastle
90%
4wollongong
78%
7wagga wagga
43%
8albury
41%
3central coast
37%
5maitland
22%
9port maquarie
5%
6tweet heads
2%

Score Distribution

Percentile by Number Answered

Percent of People with Each Score

Your Score History

You have not taken this quiz